000 00771nam a22002177a 4500
003 0
005 20240206073914.0
008 240206b xxu||||| |||| 00| 0 eng d
020 _a978-1-260-45328-7
050 _aHF 5415.1265
_b.K47 2019
100 _aKerpen, Dave
245 _aLikeable social media : how delight your customers, create an irresistible brand, and be generally amazing on all social networks that matter
_cDave Kerpen
250 _aThird edition
260 _aNew York
_bMcGrawHill Education
_cc2019.
300 _axvii, 296 pages ;
_c24 cm.
504 _aIncludes bibliographical references, index, and glossary.
650 _aInternet marketing.
650 _aOnline social networks.
650 _aCustomer relations.
942 _2lcc
_cBK
999 _c365898
_d365898